书目信息 |
| 题名: |
广告摄影表现技能
|
|
| 作者: | 李尤 著 | |
| 分册: | ||
| 出版信息: | 重庆 西南师范大学出版社 2013 |
|
| 页数: | 121页 | |
| 开本: | 29cm | |
| 丛书名: | 新世纪版/设计家丛书 | |
| 单 册: | ||
| 中图分类: | J412.9 | |
| 科图分类: | ||
| 主题词: | 广告摄影--摄影技术 , 广告摄影 | |
| 电子资源: | ||
| ISBN: | 978-7-5621-6341-1 | |
| 000 | 01142nam0 2200289 450 | |
| 001 | 519 | |
| 005 | 20140910101858.92 | |
| 010 | @a978-7-5621-6341-1@dCNY45.00 | |
| 100 | @a20131025d2013 em y0chiy50 ea | |
| 101 | 0 | @achi |
| 102 | @aCN@b500000 | |
| 105 | @aa z 000yy | |
| 106 | @ar | |
| 200 | 1 | @a广告摄影表现技能@AGuang Gao She Ying Biao Xian Ji Neng@dAdvertising photography skills@f李尤著@FLi You Zhu@zeng |
| 210 | @a重庆@c西南师范大学出版社@d2013 | |
| 215 | @a121页@c图@d29cm | |
| 225 | 2 | @a新世纪版/设计家丛书 |
| 300 | @a高等院校视觉传达设计特色专业建设与实践研究 | |
| 330 | @a本书主要是通过理论的讲授并辅之以严格的训练来培养学习者的专业摄影意识、广告设计意识和独立的创新意识。教材前半部分讲授了广告摄影的工作流程、设备器材的特征与选用、用光等基础;后半部分针对不同题材和环境因素等讲授具体拍摄技法,以及数字广告摄影技法与效果制作等。 | |
| 461 | 0 | @12001 @a新世纪版/设计家丛书 |
| 510 | 1 | @aAdvertising photography skills@zeng |
| 606 | 0 | @a广告摄影@x摄影技术 |
| 606 | 0 | @a广告摄影 |
| 690 | @aJ412.9@v5 | |
| 701 | 0 | @a李尤@ALi You@g(摄影)@4著 |
| 801 | 0 | @aCN@bTANGWEI@c20140603 |
| 905 | @b0837973-75@dJ412.9@e287@f3 | |
| 广告摄影表现技能=Advertising photography skills/李尤著.-重庆:西南师范大学出版社,2013 |
| 121页:图;29cm.-(新世纪版/设计家丛书) |
| 高等院校视觉传达设计特色专业建设与实践研究 |
| ISBN 978-7-5621-6341-1:CNY45.00 |
| 本书主要是通过理论的讲授并辅之以严格的训练来培养学习者的专业摄影意识、广告设计意识和独立的创新意识。教材前半部分讲授了广告摄影的工作流程、设备器材的特征与选用、用光等基础;后半部分针对不同题材和环境因素等讲授具体拍摄技法,以及数字广告摄影技法与效果制作等。 |
| ● |
| 相关链接 |
|
|
|
|
正题名:广告摄影表现技能
索取号:J412.9/287
 
预约/预借
| 序号 | 登录号 | 条形码 | 馆藏地/架位号 | 状态 | 备注 |
| 1 | 0837973 | 208379734 | 第一样本阅览室/ [索取号:J412.9/287] | 在馆 | |
| 2 | 0837974 | 208379743 | 第一借阅区/ [索取号:J412.9/287] | 在馆 | |
| 3 | 0837975 | 208379752 | 密集书库-物理学院/ [索取号:J412.9/287] | 在馆 |